[Event "Russian Championship (women rapid)"]
[Site "Sochi"]
[Date "2017.10.01"]
[Round "10.3"]
[White "Gritsayeva, Oksana"]
[Black "Ambartsumova, Karina"]
[Result "1/2-1/2"]
[LiveChessVersion "1.4.8"]
[BlackElo "2338"]
[WhiteElo "2358"]

1. Nf3 {[%clk 0:15:19]} Nf6 {[%clk 0:15:14]} 2. d4 {[%clk 0:15:25]} g6
{[%clk 0:15:18]} 3. Bf4 {[%clk 0:15:20]} Bg7 {[%clk 0:15:16]} 4. e3
{[%clk 0:15:22]} O-O {[%clk 0:15:06]} 5. h3 {[%clk 0:15:29]} d6 {[%clk 0:15:04]}
6. Be2 {[%clk 0:15:31]} Nc6 {[%clk 0:14:22]} 7. O-O {[%clk 0:15:21]} Nd7
{[%clk 0:13:36]} 8. Bh2 {[%clk 0:15:28]} e5 {[%clk 0:13:43]} 9. Nc3
{[%clk 0:15:12]} Re8 {[%clk 0:12:52]} 10. dxe5 {[%clk 0:14:59]} Ndxe5
{[%clk 0:12:24]} 11. Nxe5 {[%clk 0:14:59]} Nxe5 {[%clk 0:11:24]} 12. Qd2
{[%clk 0:12:37]} Be6 13. b3 a6 {[%clk 0:10:10]} 14. Rad1 {[%clk 0:12:32]} Qd7
{[%clk 0:09:26]} 15. Nd5 {[%clk 0:12:11]} f5 {[%clk 0:09:13]} 16. c4
{[%clk 0:12:05]} Rad8 {[%clk 0:08:18]} 17. Qa5 {[%clk 0:11:32]} c6
{[%clk 0:07:06]} 18. Nf4 {[%clk 0:10:16]} Bf7 {[%clk 0:07:03]} 19. Rd2
{[%clk 0:09:23]} Qe7 {[%clk 0:06:30]} 20. Rfd1 {[%clk 0:09:07]} Rd7
{[%clk 0:06:13]} 21. Nd3 {[%clk 0:08:35]} Nxd3 {[%clk 0:06:00]} 22. Rxd3
{[%clk 0:08:33]} Red8 {[%clk 0:05:14]} 23. Bf3 {[%clk 0:08:23]} Bf6
{[%clk 0:04:39]} 24. Qd2 {[%clk 0:07:42]} Be5 {[%clk 0:04:42]} 25. Bxe5
{[%clk 0:07:37]} Qxe5 {[%clk 0:04:50]} 26. Rd4 {[%clk 0:07:40]} Kg7
{[%clk 0:04:27]} 27. Qc3 {[%clk 0:07:06]} c5 {[%clk 0:03:54]} 28. R4d3
{[%clk 0:07:14]} Qxc3 {[%clk 0:04:02]} 29. Rxc3 {[%clk 0:07:23]} Kf6
{[%clk 0:03:55]} 30. Rcd3 {[%clk 0:07:26]} Ke7 {[%clk 0:03:58]} 31. g4
{[%clk 0:07:08]} Be6 {[%clk 0:03:03]} 32. Kg2 {[%clk 0:06:54]} Rb8
{[%clk 0:02:52]} 33. a4 {[%clk 0:05:33]} a5 {[%clk 0:02:34]} 34. Bd5
{[%clk 0:05:34]} fxg4 {[%clk 0:02:10]} 35. Bxe6 {[%clk 0:05:42]} Kxe6
{[%clk 0:02:19]} 36. hxg4 {[%clk 0:05:51]} h5 {[%clk 0:00:40]} 37. gxh5
{[%clk 0:05:15]} gxh5 {[%clk 0:00:50]} 38. f4 {[%clk 0:05:07]} Rh8
{[%clk 0:00:29]} 39. Rd5 {[%clk 0:05:02]} Rh6 {[%clk 0:00:29]} 40. Kh3
{[%clk 0:04:49]} Ke7 {[%clk 0:00:14]} 41. Kh4 {[%clk 0:04:32]} Ke6
{[%clk 0:00:20]} 42. e4 {[%clk 0:03:59]} Rhh7 {[%clk 0:00:29]} 43. e5
{[%clk 0:03:20]} Kf5 {[%clk 0:00:27]} 44. exd6+ {[%clk 0:03:04]} Kxf4
{[%clk 0:00:36]} 45. Rxc5 {[%clk 0:02:59]} Rh6 {[%clk 0:00:33]} 46. Rcd5
{[%clk 0:03:03]} b6 {[%clk 0:00:31]} 47. c5 {[%clk 0:02:24]} bxc5
{[%clk 0:00:39]} 48. Rxc5 {[%clk 0:02:33]} Rhxd6 {[%clk 0:00:35]} 49. Rf1+
{[%clk 0:01:50]} Ke4 {[%clk 0:00:41]} 50. Rxa5 {[%clk 0:01:50]} Rb6
{[%clk 0:00:38]} 51. Re1+ {[%clk 0:01:44]} Kf4 {[%clk 0:00:36]} 52. Rf1+
{[%clk 0:01:10]} Ke4 {[%clk 0:00:46]} 53. Re1+ {[%clk 0:00:56]} Kf4
{[%clk 0:00:55]} 54. Rf1+ {[%clk 0:00:27]} Ke5 1/2-1/2